| 000 | 00568nam a22001937a 4500 | ||
|---|---|---|---|
| 003 | OSt | ||
| 005 | 20160511094249.0 | ||
| 008 | 160511b xxu||||| |||| 00| 0 eng d | ||
| 010 | _a2010001489 | ||
| 020 | _a9780205790937 | ||
| 040 | _cN/A | ||
| 050 |
_aN5300 _b .S923 2011 |
||
| 100 | _aStokstad,Marilyn | ||
| 245 |
_aArt History _ba view of the world part one _cStokstad,Marilyn/Michael W. Cothren |
||
| 250 |
_a4th ed _bportable ed. |
||
| 260 |
_aUpper Saddle River,NJ _bPearson education Inc. _cC2011 |
||
| 300 |
_aV,various pagings _bill,col |
||
| 942 |
_2lcc _cBK |
||
| 999 |
_c253485 _d253484 |
||